The effective executive (Record no. 75766)
[ view plain ]
| 000 -LEADER | |
|---|---|
| fixed length control field | 01188nam a2200217 a 4500 |
| 008 - FIXED-LENGTH DATA ELEMENTS--GENERAL INFORMATION | |
| fixed length control field | 120416s1967 ||||||||||||||||| || u |
| 020 ## - INTERNATIONAL STANDARD BOOK NUMBER | |
| International Standard Book Number | 075060834X |
| 050 ## - LIBRARY OF CONGRESS CALL NUMBER | |
| Classification number | HD 38 Dru |
| 100 ## - MAIN ENTRY--PERSONAL NAME | |
| Personal name | Drucker, Peter F |
| 245 14 - TITLE STATEMENT | |
| Title | The effective executive |
| 260 ## - PUBLICATION, DISTRIBUTION, ETC. | |
| Place of publication, distribution, etc. | Oxford: |
| Name of publisher, distributor, etc. | Butterworth-Heinemann |
| Date of publication, distribution, etc. | 1967 |
| 300 ## - PHYSICAL DESCRIPTION | |
| Extent | viii, 148p. |
| 350 ## - | |
| -- | 0.00 |
| 650 ## - SUBJECT ADDED ENTRY--TOPICAL TERM | |
| Topical term or geographic name entry element | MANAGEMENT EXECUTIVES |
| 650 #0 - SUBJECT ADDED ENTRY--TOPICAL TERM | |
| Topical term or geographic name entry element | MANAGEMENT |
| 995 ## - | |
| -- | MAIN LIBRARY OPEN ACCESS |
| -- | 0.00 |
| -- | 702514 |
| -- | CBU-MAIN LIBRARY (Kitwe) |
| -- | 1 |
| -- | 0.00 |
| -- | HD 38 Dru |
| -- | 2 |
| -- | AVAILABLE |
| -- | 003473 |
| -- | Main Library Open Access Collection |
| 995 ## - | |
| -- | BINDERY (DAMAGED) |
| -- | 0.00 |
| -- | 731403 |
| -- | CBU-MAIN LIBRARY (Kitwe) |
| -- | 1 |
| -- | 14.99 |
| -- | HD 38 Dru |
| -- | 3 |
| -- | DAMAGED |
| -- | 028649 |
| -- | Main Library Open Access Collection |
| 995 ## - | |
| -- | MAIN LIBRARY OPEN ACCESS |
| -- | 0.00 |
| -- | 730119 |
| -- | CBU-MAIN LIBRARY (Kitwe) |
| -- | 0 |
| -- | 0.00 |
| -- | HD 38 Dru |
| -- | 4 |
| -- | AVAILABLE |
| -- | 027107 |
| -- | Main Library Open Access Collection |
| 995 ## - | |
| -- | BINDERY (DAMAGED) |
| -- | 0.00 |
| -- | 739821 |
| -- | CBU-MAIN LIBRARY (Kitwe) |
| -- | 1 |
| -- | 0.00 |
| -- | HD 38 DRU |
| -- | 5 |
| -- | DAMAGED |
| -- | Apr 3, 2009 |
| -- | 739821 |
| -- | Main Library Open Access Collection |
| 995 ## - | |
| -- | BINDERY (DAMAGED) |
| -- | 0.00 |
| -- | 716537 |
| -- | CBU-MAIN LIBRARY (Kitwe) |
| -- | 2 |
| -- | 0.00 |
| -- | HD 38 Dru |
| -- | 1 |
| -- | DAMAGED |
| -- | 003419 |
| -- | Main Library Open Access Collection |
| 999 ## - | |
| -- | 75766 |
| -- | 75766 |
| Withdrawn status | Lost status | Source of classification or shelving scheme | Damaged status | Not for loan | Permanent Location | Current Location | Shelving location | Date acquired | Total Checkouts | Full call number | Barcode | Date last seen | Copy number | Price effective from | Koha item type |
|---|---|---|---|---|---|---|---|---|---|---|---|---|---|---|---|
| CBU-MAIN LIBRARY, KITWE. | CBU-MAIN LIBRARY, KITWE. | 04/24/2023 | HD 38 Dru | 003473 | 04/24/2023 | 1 | 04/24/2023 | MONOGRAPH | |||||||
| CBU-MAIN LIBRARY, KITWE. | CBU-MAIN LIBRARY, KITWE. | 04/24/2023 | HD 38 Dru | 028649 | 04/24/2023 | 2 | 04/24/2023 | MONOGRAPH | |||||||
| CBU-MAIN LIBRARY, KITWE. | CBU-MAIN LIBRARY, KITWE. | 04/24/2023 | HD 38 Dru | 027107 | 04/24/2023 | 3 | 04/24/2023 | MONOGRAPH | |||||||
| CBU-MAIN LIBRARY, KITWE. | CBU-MAIN LIBRARY, KITWE. | 04/24/2023 | HD 38 Dru | 739821 | 04/24/2023 | 4 | 04/24/2023 | MONOGRAPH | |||||||
| CBU-MAIN LIBRARY, KITWE. | CBU-MAIN LIBRARY, KITWE. | 04/24/2023 | HD 38 Dru | 003419 | 04/24/2023 | 5 | 04/24/2023 | MONOGRAPH |